书目信息 |
| 题名: |
低维无机材料与纳米生物医学
|
|
| 作者: | 刘庄 , 程亮 著 | |
| 分册: | ||
| 出版信息: | 北京 科学出版社 2018.07 |
|
| 页数: | x, 312页 | |
| 开本: | 25cm | |
| 丛书名: | 低维材料与器件丛书 | |
| 单 册: | ||
| 中图分类: | TB383 | |
| 科图分类: | ||
| 主题词: | 无机材料--wu ji cai liao--纳米材料--应用--生物医学工程--研究 | |
| 电子资源: | ||
| ISBN: | 978-7-03-058174-7 | |
| 000 | 01250nam 2200313 450 | |
| 001 | 0100011177 | |
| 005 | 20190905093952.0 | |
| 010 | @a978-7-03-058174-7@b精装@dCNY128.00 | |
| 100 | @a20190904d2018 em y0chiy50 ea | |
| 101 | 0 | @achi |
| 102 | @aCN@b110000 | |
| 105 | @aa a 000yy | |
| 106 | @ar | |
| 200 | 1 | @a低维无机材料与纳米生物医学@Adi wei wu ji cai liao yu na mi sheng wu yi xue@f刘庄, 程亮著 |
| 210 | @a北京@c科学出版社@d2018.07 | |
| 215 | @ax, 312页@c图@d25cm | |
| 225 | 2 | @a低维材料与器件丛书@Adi wei cai liao yu qi jian cong shu |
| 306 | @a中国科学院科学出版基金资助出版 | |
| 312 | @a英文题名取自封面 | |
| 320 | @a有书目 | |
| 330 | @a本书主要介绍多种低维无机纳米材料在生物医学中的应用, 涉及的材料体系包括无机半导体量子点、贵金属纳米结构、磁性纳米材料、介孔纳米载体、稀土上转换发光纳米材料、生物矿化无机纳米材料、低维碳基纳米材料和过渡金属硫族化合物纳米材料。 | |
| 410 | 0 | @12001 @a低维材料与器件丛书 |
| 510 | 1 | @aNanomedicine with low dimensional inorganic nanomaterials@zeng |
| 606 | 0 | @a无机材料@Awu ji cai liao@x纳米材料@x应用@x生物医学工程@x研究 |
| 690 | @aTB383@v5 | |
| 701 | 0 | @a刘庄@Aliu zhuang@4著 |
| 701 | 0 | @a程亮@Acheng liang@4著 |
| 801 | 0 | @aCN@c20190905 |
| 905 | @a河南城建学院图书馆@dTB383@eL732 | |
| 低维无机材料与纳米生物医学/刘庄, 程亮著.-北京:科学出版社,2018.07 |
| x, 312页:图;25cm.-(低维材料与器件丛书) |
| ISBN 978-7-03-058174-7(精装):CNY128.00 |
| 本书主要介绍多种低维无机纳米材料在生物医学中的应用, 涉及的材料体系包括无机半导体量子点、贵金属纳米结构、磁性纳米材料、介孔纳米载体、稀土上转换发光纳米材料、生物矿化无机纳米材料、低维碳基纳米材料和过渡金属硫族化合物纳米材料。 |
| ● |
| 相关链接 |
|
|
|
正题名:低维无机材料与纳米生物医学
索取号:TB383/L732
 
预约/预借
| 序号 | 登录号 | 条形码 | 馆藏地/架位号 | 状态 | 备注 |
| 1 | 1439532 | 214395322 | 自科库501/501自科库 14排1列5层/ [索取号:TB383/L732] | 在馆 |